50 Flicks to Click (2017) Quiz Stats

 Plays Quiz Updated May 14, 2018

Support Sporcle.
Go Orange.
Score 0/50 Timer 07:00
18 Plays Today
% Correct
Beast
96.2%
Despicable
95.2%
Jungle
95%
Perfect
94.9%
Guardians
94.7%
Woman
94.6%
Darker
94%
Last
93.6%
League
93.5%
Diary
93.4%
Tales
93.2%
Movie
93.2%
Blade
92.3%
Power
91.6%
Murder
91.2%
Greatest
90.2%
Water
89%
Baby
88.6%
Ragnarok
88%
Night
88%
Underpants
87.9%
Billboards
87.4%
Fate
87.2%
Skull
87%
Emoji
86.3%
% Correct
Homecoming
85.9%
Thousand
84.4%
Space
84%
Driver
83.4%
Legend
82.3%
War
81.8%
Hitman's
81.8%
Job
80.5%
Goodbye
80%
Blonde
80%
Wife
80%
Cousin
79.7%
Golden
79.4%
Big
79.2%
Out
79.2%
Alien
77.9%
Chapter
77.6%
Style
76.6%
Cage
74.6%
Purpose
72.8%
Tower
69.4%
Ghost
64.6%
Trip
64.4%
Creation
64.2%
Lucky
59.6%

From the Vault

Name a European Country That...

by Colmar

Name a European country that ends in 'iechtenstein.'
Remove Ads.
Support Sporcle.
Get the best of Sporcle when you Go Orange. This ad-free experience offers more features, more stats, and more fun while also helping to support Sporcle. Thank you for becoming a member.

Show Comments

Extras

Top Quizzes Today


Score Distribution

Your Account Isn't Verified!

In order to create a playlist on Sporcle, you need to verify the email address you used during registration. Go to your Sporcle Settings to finish the process.

Report this User

Report this user for behavior that violates our Community Guidelines.

Details: